Reason and imagination : Reflections on research in organic chemistry

This book is about the recognition of new organic chemistry. It is also about the discovery and invention of chemical reactions. In addition, it deals with the determination of structure by chemical degradation during the epoch when physical methodswere not well developed. Also presented are new rea...

Szczegółowa specyfikacja

Zapisane w:
Opis bibliograficzny
Format: Książka
Język:Undetermined
Wydane: Singapore World Scientific 1996
Hasła przedmiotowe:
Etykiety: Dodaj etykietę
Nie ma etykietki, Dołącz pierwszą etykiete!
Thư viện lưu trữ: Trung tâm Học liệu Trường Đại học Cần Thơ
LEADER 00931nam a2200205Ia 4500
001 CTU_27259
008 210402s9999 xx 000 0 und d
020 |c 111 
082 |a 547 
082 |b R288 
245 0 |a Reason and imagination : 
245 0 |b Reflections on research in organic chemistry 
245 0 |c Select papers of Derek H. R. Barton 
260 |a Singapore 
260 |b World Scientific 
260 |c 1996 
520 |a This book is about the recognition of new organic chemistry. It is also about the discovery and invention of chemical reactions. In addition, it deals with the determination of structure by chemical degradation during the epoch when physical methodswere not well developed. Also presented are new reagents and new types of functional groups never seen in chemistry before 
650 |a Chemistry, organic 
904 |i Minh, 981210 
980 |a Trung tâm Học liệu Trường Đại học Cần Thơ